[Event "South Wales New Year op"]
[Site "Bridgend"]
[Date "2020.01.04"]
[Round "3"]
[White "Heap, Gerry"]
[Black "Payne, David J"]
[Result "1-0"]
[WhiteElo "2108"]
[BlackElo "1943"]
[PlyCount "55"]
[EventDate "2020.01.03"]
[EventType "swiss"]
[EventRounds "5"]
[EventCountry "WLS"]
[SourceTitle "EXT 2022"]
[Source "ChessBase"]
[SourceDate "2021.10.06"]
[SourceVersion "1"]
[SourceVersionDate "2021.10.06"]
[SourceQuality "1"]

1. g3 g6 2. Bg2 Bg7 3. c4 c5 4. Nc3 Nc6 5. Nf3 e6 6. d3 a6 7. Bg5 f6 8. Be3 d6 9. d4 cxd4 10. Nxd4 Nxd4 11. Bxd4 Ne7 12. Ne4 0-0 13. 0-0 Nc6 14. Bc3 d5 15. cxd5 exd5 16. Qb3 Na5 17. Qa4 Bd7 18. Qxa5 Qxa5 19. Bxa5 dxe4 20. Bxe4 f5 21. Bxb7 Rab8 22. Bxa6 Rxb2 23. Rab1 Ra8 24. Bc4+ Kf8 25. Bb4+ Ke8 26. Rxb2 Bxb2 27. Rb1 Bf6 28. Bd6 1-0

[Event "Dyfed op 48th"]
[Site "Fishguard"]
[Date "2019.02.24"]
[Round "5.3"]
[White "Heap, Gerry"]
[Black "Buttell, David"]
[Result "1-0"]
[WhiteElo "2095"]
[BlackElo "1793"]
[PlyCount "57"]
[EventDate "2019.02.22"]
[EventType "swiss"]
[EventRounds "5"]
[EventCountry "WLS"]
[SourceTitle "EXT 2020"]
[Source "ChessBase"]
[SourceDate "2019.10.17"]
[SourceVersion "1"]
[SourceVersionDate "2019.10.17"]
[SourceQuality "1"]

1. c4 b6 2. Nf3 Bb7 3. g3 c5 4. Bg2 g6 5. Nc3 Bg7 6. 0-0 d6 7. Rb1 e5 8. d3 Ne7 9. Bg5 f6 10. Bd2 Nbc6 11. a3 0-0 12. b4 Qd7 13. Qb3 Rab8 14. e3 f5 15. Nd5 Nxd5 16. cxd5 Ne7 17. Ng5 Kh8 18. Ne6 Rfc8 19. Bc3 Ba6 20. b5 Bb7 21. f4 Bf6 22. e4 a6 23. a4 axb5 24. axb5 Ra8 25. Qb2 Ng8 26. exf5 Qe7 27. fxe5 dxe5 28. Bxe5 Ra2 29. Bxf6+ 1-0

[Event "South Wales New Year op"]
[Site "Bridgend"]
[Date "2019.01.05"]
[Round "3"]
[White "Pleasants, Allan J"]
[Black "Heap, Gerry"]
[Result "1-0"]
[WhiteElo "2080"]
[BlackElo "2103"]
[PlyCount "113"]
[EventDate "2019.01.04"]
[EventType "swiss"]
[EventRounds "5"]
[EventCountry "WLS"]
[SourceTitle "EXT 2020"]
[Source "ChessBase"]
[SourceDate "2019.10.17"]
[SourceVersion "1"]
[SourceVersionDate "2019.10.17"]
[SourceQuality "1"]

1. e4 c5 2. c3 g6 3. Nf3 Bg7 4. Bc4 d6 5. 0-0 Nf6 6. Re1 0-0 7. Bf1 Nc6 8. h3 a6 9. d4 cxd4 10. cxd4 b5 11. a4 bxa4 12. Nc3 Rb8 13. Qxa4 Nb4 14. Be3 d5 15. e5 Ne4 16. Nxe4 dxe4 17. Nd2 Nd3 18. Reb1 Qd5 19. Qa3 e6 20. Nxe4 Nb4 21. Nc3 Qc6 22. Rc1 Qb7 23. Nb5 axb5 24. Qxb4 Qe4 25. Qd6 Bb7 26. Rc7 Bd5 27. Raa7 Qb1 28. Rxf7 Rxf7 29. Qxb8+ Bf8 30. Rxf7 Kxf7 31. Qxb5 Be7 32. Kh2 Qe1 33. Qe2 Qb1 34. Qb5 Qe1 35. Kg3 h5 36. Be2 Qh1 37. Bf3 Bxf3 38. Kxf3 g5 39. Qd3 Kg7 40. d5 g4+ 41. hxg4 hxg4+ 42. Ke2 Qxg2 43. d6 Qf3+ 44. Kd2 Bd8 45. Qb5 Qf7 46. Qc4 Qf5 47. Qf4 Ba5+ 48. Kc1 Qd3 49. Qxg4+ Kf7 50. Qh5+ Kg8 51. Qe8+ Kg7 52. Qd7+ Kh8 53. Qc8+ Kg7 54. Qb7+ Kg6 55. Qg2+ Kf7 56. Qf3+ Kg7 57. Bh6+ 1-0

[Event "WLS-chT 1819"]
[Site "Wales"]
[Date "2018.12.02"]
[Round "2.3"]
[White "Young, Alan J"]
[Black "Heap, Gerry"]
[Result "1/2-1/2"]
[WhiteElo "2046"]
[BlackElo "2105"]
[PlyCount "63"]
[EventDate "2018.11.04"]
[EventType "team-tourn"]
[EventRounds "5"]
[EventCountry "WLS"]
[SourceTitle "EXT 2020"]
[Source "ChessBase"]
[SourceDate "2019.10.17"]
[SourceVersion "1"]
[SourceVersionDate "2019.10.17"]
[SourceQuality "1"]
[WhiteTeam "White Knights"]
[BlackTeam "Cardigan"]
[WhiteTeamCountry "WLS"]
[BlackTeamCountry "WLS"]

1. e4 c5 2. c3 g6 3. Nf3 Bg7 4. Bc4 d6 5. d4 cxd4 6. cxd4 Nf6 7. Nc3 0-0 8. Bb3 Nc6 9. h3 Na5 10. Bc2 b6 11. 0-0 Bb7 12. Re1 Rc8 13. Qe2 Qd7 14. Bg5 Nc4 15. Bd3 Na5 16. Rad1 h6 17. Bd2 Nc6 18. Bb5 d5 19. Ne5 Qe6 20. Nxc6 Bxc6 21. Bxc6 Qxc6 22. exd5 Nxd5 23. Nxd5 Qxd5 24. Qxe7 Qxa2 25. Bc3 a5 26. d5 Bxc3 27. bxc3 Qc4 28. d6 Qc6 29. d7 Rcd8 30. Re3 a4 31. c4 Kh7 32. Rd4 1/2-1/2

[Event "WLS-chT 1819"]
[Site "Wales"]
[Date "2018.11.04"]
[Round "1.15"]
[White "Heap, Gerry"]
[Black "Gibbons, Andrew"]
[Result "1-0"]
[WhiteElo "2099"]
[BlackElo "1951"]
[PlyCount "67"]
[EventDate "2018.11.04"]
[EventType "team-tourn"]
[EventRounds "5"]
[EventCountry "WLS"]
[SourceTitle "EXT 2020"]
[Source "ChessBase"]
[SourceDate "2019.10.17"]
[SourceVersion "1"]
[SourceVersionDate "2019.10.17"]
[SourceQuality "1"]
[WhiteTeam "Cardigan"]
[BlackTeam "Nidum"]
[WhiteTeamCountry "WLS"]
[BlackTeamCountry "WLS"]

1. Nf3 c5 2. c4 g6 3. g3 Bg7 4. Bg2 Nc6 5. Nc3 d6 6. 0-0 e5 7. d3 Nge7 8. Rb1 0-0 9. a3 a5 10. Bg5 Rb8 11. Bxe7 Nxe7 12. b4 Bd7 13. Qb3 b6 14. Ne1 Bc6 15. Nc2 Bxg2 16. Kxg2 f5 17. Ne3 Nc6 18. bxa5 Nd4 19. Qa4 bxa5 20. Rxb8 Qxb8 21. Rb1 Qa8+ 22. Ned5 e4 23. e3 Ne6 24. Qd7 Ng5 25. dxe4 Bxc3 26. Nxc3 fxe4 27. Qxd6 Qd8 28. Qxd8 Rxd8 29. h4 Rd3 30. Rc1 Ne6 31. Nxe4 Rxa3 32. Rb1 Ra4 33. Rb6 Kf7 34. Rxe6 1-0

[Event "West Wales op"]
[Site "Swansea"]
[Date "2018.10.19"]
[Round "1"]
[White "Heap, Gerry"]
[Black "McCarthy, Moss"]
[Result "1-0"]
[WhiteElo "2163"]
[BlackElo "1912"]
[PlyCount "47"]
[EventDate "2018.10.12"]
[EventType "swiss"]
[EventRounds "5"]
[EventCountry "WLS"]
[SourceTitle "EXT 2020"]
[Source "ChessBase"]
[SourceDate "2019.10.17"]
[SourceVersion "1"]
[SourceVersionDate "2019.10.17"]
[SourceQuality "1"]

1. Nf3 c5 2. g3 Nc6 3. c4 e5 4. Nc3 f5 5. d3 Be7 6. Bg2 g5 7. Nd5 g4 8. Nd2 Nf6 9. h3 gxh3 10. Bxh3 d6 11. e4 0-0 12. Nxf6+ Rxf6 13. Qh5 f4 14. Bxc8 Rxc8 15. Qxh7+ Kf8 16. Qh8+ Kf7 17. Qh5+ Rg6 18. gxf4 exf4 19. Nf3 Bf6 20. Qf5 Ne5 21. Rh7+ Rg7 22. Ng5+ Kg8 23. Rxg7+ Bxg7 24. Qh7+ 1-0

[Event "WLS-ch 64th"]
[Site "Cardiff"]
[Date "2018.04.02"]
[Round "7"]
[White "Van Kemenade, Rudy"]
[Black "Heap, Gerry"]
[Result "0-1"]
[WhiteElo "1979"]
[BlackElo "2080"]
[PlyCount "66"]
[EventDate "2018.03.30"]
[EventType "swiss"]
[EventRounds "7"]
[EventCountry "WLS"]
[SourceTitle "CBM 183 Extra"]
[Source "ChessBase"]
[SourceDate "2018.04.19"]
[SourceVersion "1"]
[SourceVersionDate "2018.04.19"]
[SourceQuality "1"]

1. e4 c5 2. Nf3 Nc6 3. Bb5 g6 4. 0-0 Bg7 5. c3 e5 6. d4 cxd4 7. cxd4 Nxd4 8. Nxd4 exd4 9. Bf4 a6 10. Bc4 d6 11. Qb3 Qf6 12. Qg3 Be6 13. Nd2 h6 14. Bxd6 b5 15. e5 Qf5 16. Bd3 Qg5 17. Qf3 Rc8 18. Ne4 Qg4 19. Qxg4 Bxg4 20. f4 Bf5 21. Rac1 Ne7 22. Bc5 Bxe4 23. Bxe4 Kd7 24. Rfd1 Nc6 25. Bxd4 Nxd4 26. Rxd4+ Ke7 27. Rxc8 Rxc8 28. Rd6 Rc4 29. Bd5 Rd4 30. b3 Rxf4 31. Rxa6 Bxe5 32. Ra7+ Kd6 33. Rxf7 Kxd5 0-1

[Event "WLS-ch 64th"]
[Site "Cardiff"]
[Date "2018.03.30"]
[Round "1"]
[White "Heap, Gerry"]
[Black "Hughes, Anthony"]
[Result "1-0"]
[WhiteElo "2080"]
[BlackElo "1925"]
[PlyCount "95"]
[EventDate "2018.03.30"]
[EventType "swiss"]
[EventRounds "7"]
[EventCountry "WLS"]
[SourceTitle "CBM 183 Extra"]
[Source "ChessBase"]
[SourceDate "2018.04.19"]
[SourceVersion "1"]
[SourceVersionDate "2018.04.19"]
[SourceQuality "1"]

1. Nf3 d5 2. c4 c6 3. g3 Bg4 4. Ne5 Bf5 5. Qb3 Qc7 6. cxd5 cxd5 7. Nc3 e6 8. d4 f6 9. Nf3 Nc6 10. Bg2 Rc8 11. 0-0 Qd7 12. Qa4 Bd6 13. Nh4 Nge7 14. e4 dxe4 15. Nxe4 0-0 16. Nc5 Bxc5 17. dxc5 Rfd8 18. Be3 Bg6 19. Nxg6 Nxg6 20. Bh3 Nf8 21. Rad1 Qf7 22. b4 a6 23. Qb3 Rd7 24. Rxd7 Qxd7 25. Rd1 Qe7 26. Bf4 Re8 27. a4 Ng6 28. Bd6 Qf7 29. b5 axb5 30. axb5 Nd8 31. Bg2 Ne7 32. Bc7 Nd5 33. Ba5 Qe7 34. Bxd5 exd5 35. Qxd5+ Nf7 36. Re1 Qxe1+ 37. Bxe1 Rxe1+ 38. Kg2 Re7 39. b6 Kf8 40. Qf5 Ne5 41. Qxh7 Rd7 42. Qh8+ Kf7 43. h4 Ke6 44. Qc8 Nc6 45. h5 Ne7 46. Qe8 Rd5 47. c6 bxc6 48. b7 1-0

[Event "Dyfed op 47th"]
[Site "Fishguard"]
[Date "2018.02.18"]
[Round "5"]
[White "Fowler, Hugo"]
[Black "Heap, Gerry"]
[Result "0-1"]
[WhiteElo "1786"]
[BlackElo "2086"]
[PlyCount "80"]
[EventDate "2018.02.16"]
[EventType "swiss"]
[EventRounds "5"]
[EventCountry "WLS"]
[SourceTitle "EXT 2020"]
[Source "ChessBase"]
[SourceDate "2019.10.17"]
[SourceVersion "1"]
[SourceVersionDate "2019.10.17"]
[SourceQuality "1"]

1. e4 c5 2. c3 g6 3. d4 cxd4 4. cxd4 d5 5. exd5 Nf6 6. Nc3 Bg7 7. Nf3 0-0 8. Bd3 Nxd5 9. a3 Nc6 10. Bb1 Bg4 11. h3 Bxf3 12. Qxf3 Nb6 13. d5 Nd4 14. Qe4 Nb3 15. 0-0 Nxa1 16. Ba2 Nc8 17. Re1 Qb6 18. Na4 Qd4 19. Qxd4 Bxd4 20. Bh6 Bg7 21. Bxg7 Kxg7 22. Rxa1 Nd6 23. Re1 Rfe8 24. Nc5 Rac8 25. b4 a5 26. Kf1 axb4 27. axb4 b6 28. Nd7 Rc2 29. Re2 Rc1+ 30. Re1 Rxe1+ 31. Kxe1 Ra8 32. Bb3 Ra1+ 33. Kd2 Rb1 34. Kc2 Rf1 35. f3 b5 36. Kd3 Rf2 37. Kd4 Rxg2 38. Kc5 Rb2 39. Bd1 Rd2 40. Bb3 Rd3 0-1

[Event "Dyfed op 47th"]
[Site "Fishguard"]
[Date "2018.02.18"]
[Round "4"]
[White "Heap, Gerry"]
[Black "Morcom, Huw"]
[Result "0-1"]
[WhiteElo "2086"]
[BlackElo "1913"]
[PlyCount "60"]
[EventDate "2018.02.16"]
[EventType "swiss"]
[EventRounds "5"]
[EventCountry "WLS"]
[SourceTitle "EXT 2020"]
[Source "ChessBase"]
[SourceDate "2019.10.17"]
[SourceVersion "1"]
[SourceVersionDate "2019.10.17"]
[SourceQuality "1"]

1. c4 Nf6 2. Nc3 d6 3. g3 g6 4. Bg2 Bg7 5. d3 0-0 6. e4 c6 7. Nge2 Na6 8. Rb1 Nc7 9. b4 d5 10. cxd5 cxd5 11. e5 Nfe8 12. d4 Bf5 13. Rb2 Rc8 14. Nf4 f6 15. exf6 Nxf6 16. Qb3 Nb5 17. Nxb5 Rxc1+ 18. Ke2 Rxh1 19. Bxh1 Qb6 20. Nc3 Qxd4 21. Rd2 Qe5+ 22. Kf1 e6 23. Re2 Qd6 24. Na4 g5 25. Nd3 Bxd3 26. Qxd3 Qxb4 27. Nc3 Ng4 28. Nxd5 exd5 29. Qxd5+ Kh8 30. Qxg5 Qc4 0-1

[Event "West Wales op 48th"]
[Site "Swansea"]
[Date "2015.11.21"]
[Round "2"]
[White "Heap, Gerry"]
[Black "Davis, Lee"]
[Result "1/2-1/2"]
[WhiteElo "2087"]
[BlackElo "1994"]
[PlyCount "103"]
[EventDate "2015.11.20"]
[EventType "swiss"]
[EventRounds "5"]
[EventCountry "WLS"]
[SourceTitle "EXT 2018"]
[Source "ChessBase"]
[SourceDate "2017.10.13"]
[SourceVersion "1"]
[SourceVersionDate "2017.10.13"]
[SourceQuality "1"]

1. Nf3 g6 2. c4 Bg7 3. Nc3 c5 4. g3 Nc6 5. Bg2 e6 6. d3 Nge7 7. Bg5 h6 8. Bd2 0-0 9. 0-0 Kh7 10. Rb1 Rb8 11. a3 d6 12. b4 b6 13. bxc5 dxc5 14. Qc2 Bb7 15. Na4 Qd7 16. Bc3 e5 17. Bd2 Nd4 18. Nxd4 exd4 19. Bxb7 Rxb7 20. Qb3 Rc7 21. Nb2 Qe6 22. Rfe1 g5 23. e3 Qh3 24. Qd1 Ng6 25. Qf3 Nh4 26. Qh1 Qg4 27. Red1 Nf3+ 28. Kf1 dxe3 29. h3 e2+ 30. Kxe2 Nd4+ 31. Kf1 Qe2+ 32. Kg2 Qf3+ 33. Kg1 Qe2 34. Qe4+ f5 35. Qxe2 Nxe2+ 36. Kf1 Nd4 37. f4 g4 38. hxg4 fxg4 39. a4 Nf3 40. a5 Re7 41. axb6 axb6 42. Na4 Rfe8 43. Bc3 Re2 44. Bxg7 Rh2 45. Be5 Nxe5 46. fxe5 Rf8+ 47. Ke1 Rff2 48. Rb2 Rxb2 49. Nxb2 Rxb2 50. d4 cxd4 51. Rxd4 Kg6 52. Rxg4+ 1/2-1/2

[Event "West Wales op 48th"]
[Site "Swansea"]
[Date "2015.11.20"]
[Round "1"]
[White "Turner, Joseph David"]
[Black "Heap, Gerry"]
[Result "0-1"]
[WhiteElo "1926"]
[BlackElo "2087"]
[PlyCount "72"]
[EventDate "2015.11.20"]
[EventType "swiss"]
[EventRounds "5"]
[EventCountry "WLS"]
[SourceTitle "EXT 2018"]
[Source "ChessBase"]
[SourceDate "2017.10.13"]
[SourceVersion "1"]
[SourceVersionDate "2017.10.13"]
[SourceQuality "1"]

1. e4 c5 2. Nf3 d6 3. d4 cxd4 4. Nxd4 Nf6 5. Nc3 e6 6. Bc4 Be7 7. Be3 0-0 8. Bb3 Na6 9. Qf3 Nc5 10. 0-0 a6 11. Rad1 Qc7 12. Rfe1 b5 13. Ndxb5 axb5 14. Bxc5 dxc5 15. e5 Bb7 16. Nxb5 Qb6 17. Qe2 Nd5 18. c4 Nf4 19. Qg4 Nxg2 20. Re2 Nh4 21. Rd3 Qc6 22. f3 Nxf3+ 23. Kf2 Bh4+ 24. Ke3 h5 25. Rd6 hxg4 26. Rxc6 Bxc6 27. a4 Nxe5 28. Kf4 f6 29. Nc7 Ra7 30. Nxe6 Rb8 31. Nxc5 Ra5 32. Ne6 Rxb3 33. Nd4 Rb4 34. b3 Bxa4 35. bxa4 Rxc4 36. Ke4 Raxa4 0-1

[Event "EU-Cup 31st"]
[Site "Skopje"]
[Date "2015.10.21"]
[Round "4.3"]
[White "Heap, Gerry"]
[Black "Powell, Lloyd"]
[Result "0-1"]
[WhiteElo "2075"]
[BlackElo "2091"]
[PlyCount "80"]
[EventDate "2015.10.18"]
[EventType "team-swiss"]
[EventRounds "7"]
[EventCountry "MKD"]
[SourceTitle "CBM 169"]
[Source "ChessBase"]
[SourceDate "2015.11.10"]
[SourceVersion "1"]
[SourceVersionDate "2015.11.10"]
[SourceQuality "1"]
[WhiteTeam "Cardigan"]
[BlackTeam "Abergavenny"]
[WhiteTeamCountry "WLS"]
[BlackTeamCountry "WLS"]

1. Nf3 Nf6 2. c4 e6 3. b3 c5 4. Bb2 Nc6 5. g3 d5 6. e3 Be7 7. Bg2 0-0 8. 0-0 d4 9. exd4 cxd4 10. Re1 Re8 11. d3 Bc5 12. a3 a5 13. Ne5 Nxe5 14. Rxe5 Qc7 15. f4 Ra6 16. Nd2 Nd7 17. Re1 e5 18. Qf3 Nf6 19. Ne4 Nxe4 20. Qxe4 Rae6 21. f5 Rb6 22. Bxd4 Bxf5 23. Qd5 Bxd4+ 24. Qxd4 Rxb3 25. Re3 Rxd3 26. Qa7 Rxe3 27. Qxe3 b6 28. Rc1 Qc5 29. Qxc5 bxc5 30. Kf2 Kf8 31. Ke3 Rb8 32. Rc3 Be6 33. Bd5 Ke7 34. Ke4 f6 35. Rd3 Rb1 36. Bxe6 Kxe6 37. Rd5 Rb3 38. g4 g6 39. Rxc5 f5+ 40. gxf5+ gxf5# 0-1

[Event "Dyfed op 44th"]
[Site "Fishguard"]
[Date "2015.02.21"]
[Round "3"]
[White "Heap, Gerry"]
[Black "Powell, Lloyd"]
[Result "1/2-1/2"]
[WhiteElo "2085"]
[BlackElo "2128"]
[PlyCount "101"]
[EventDate "2015.02.20"]
[EventType "swiss"]
[EventRounds "5"]
[EventCountry "WLS"]
[SourceTitle "EXT 2018"]
[Source "ChessBase"]
[SourceDate "2017.10.13"]
[SourceVersion "1"]
[SourceVersionDate "2017.10.13"]
[SourceQuality "1"]

1. c4 g6 2. Nc3 Bg7 3. g3 Nf6 4. Bg2 0-0 5. Nf3 d6 6. 0-0 c6 7. Rb1 d5 8. cxd5 cxd5 9. d3 Nc6 10. b4 a6 11. Qb3 Bg4 12. e3 Qd7 13. Na4 Qf5 14. Nh4 Qh5 15. f4 d4 16. e4 Qb5 17. Nc5 b6 18. e5 bxc5 19. a4 Qb6 20. exf6 Bxf6 21. bxc5 Qc7 22. Bd2 Be6 23. Qb6 Rfc8 24. f5 Bd7 25. Bf4 Be5 26. Bxe5 Qxe5 27. Rbe1 Qg7 28. Qb3 Rab8 29. Qa2 Be8 30. f6 exf6 31. Rxe8+ Rxe8 32. Bxc6 Re5 33. Qc4 Rd8 34. Bg2 f5 35. c6 Qf8 36. c7 Rc8 37. Rc1 Re7 38. Bd5 Rd7 39. Nf3 Qe7 40. Re1 Qd6 41. Bxf7+ Rxf7 42. Ne5 Qxc7 43. Nxf7 Qxc4 44. Nh6+ Kg7 45. Nxf5+ gxf5 46. dxc4 Rxc4 47. Re5 Rxa4 48. Rxf5 Ra2 49. Rd5 Rd2 50. Rd7+ Kg6 51. Rd6+ 1/2-1/2

[Event "South Wales New Year op"]
[Site "Bridgend"]
[Date "2015.01.04"]
[Round "4"]
[White "Heap, Gerry"]
[Black "Heaven, Peter"]
[Result "1/2-1/2"]
[WhiteElo "2056"]
[BlackElo "1972"]
[PlyCount "30"]
[EventDate "2015.01.02"]
[EventType "swiss"]
[EventRounds "5"]
[EventCountry "WLS"]
[SourceTitle "EXT 2018"]
[Source "ChessBase"]
[SourceDate "2017.10.13"]
[SourceVersion "1"]
[SourceVersionDate "2017.10.13"]
[SourceQuality "1"]

1. c4 e5 2. Nc3 Nf6 3. Nf3 Nc6 4. e4 Bc5 5. Nxe5 Nxe5 6. d4 Bb4 7. dxe5 Nxe4 8. Qf3 Nxc3 9. bxc3 Ba5 10. Ba3 d6 11. exd6 0-0 12. Be2 Bg4 13. Qxg4 Bxc3+ 14. Kf1 Bxa1 15. dxc7 Qxc7 1/2-1/2